000 00918nmm a2200301 a 4500
003 AR-BaBNM
005 20251128204025.0
008 247019s1983 ||||||||||||||000 | spa||
020 _a950-9290-009
040 _cAR-BaBNM
110 2 _aConsejo Argentino para las Relaciones Internacionales
245 1 0 _aMalvinas, Georgias, Sandwich del Sur
_bdiplomacia Argentina en Naciones Unidas [1945-1971]. 1
260 _aBuenos Aires
_bCari
_c1983
300 1 _axxxiii, 410 p.
500 0 _aIndice cronológico p. xV-xxVI
610 2 4 _aNaciones Unidas
650 4 _aHISTORIA POLITICA ARGENTINA
650 4 _aMISIONES DIPLOMATICAS
650 4 _aNEGOCIACIONES DIPLOMATICAS
650 4 _aHISTORIA DE LAS RELACIONES EXTERIORES
650 4 _aPOLITICA EXTERIOR
650 4 _aDIPLOMACIA
651 4 _aIslas Malvinas
651 4 _aArgentina
653 0 _aCONFLICTOS LIMITROFES
942 _cBK
998 _cmariana
999 _c5842
_d5842